Poesia in forma di rosa : 1961-1964 /

Gespeichert in:
Bibliographische Detailangaben
1. Verfasser: Pasolini, Pier Paolo (Verfasst von)
Format: Buch
Sprache:Italienisch
Veröffentlicht: Milano : Garzanti, 1976
Schriftenreihe:I grandi libri Garzanti ; 151
Tags: Tag hinzufügen
Keine Tags, Fügen Sie das erste Tag hinzu!

MARC

LEADER 00000nam a22000007i 4500
001 IT\ICCU\SBL\0150229
003 ItRI
005 20260115232334.0
008 910930s1976 it |||||| ||||| |||||c
015 |2 IT  |a 782972 
040 |b ita  |c importazione bologna sebina 
041 7 |a ita  |2 ISO-639-2 
082 |a 851.9  |9 POESIA ITALIANA. 1900-  |2 18 
082 |a 851.914  |9 POESIA ITALIANA. 1945-  |2 20 
100 1 |a Pasolini, Pier Paolo  |0 IT\ICCU\CFIV\001068  |4 aut 
240 1 0 |a Poesia in forma di rosa (1961-1964).  |3 IT\ICCU\UBO\2412630  |9 Pasolini, Pier Paolo 
245 1 0 |a Poesia in forma di rosa :  |b 1961-1964 /  |c Pier Paolo Pasolini. 
260 |a Milano :  |b Garzanti,  |c 1976 
300 |a XVII, 223 p. ;  |c 18 cm 
830 2 |a I grandi libri Garzanti ;  |v 151  |0 IT\ICCU\CFI\0000048 
942 |2 ddc  |c BK  |n 0 
952 |0 0  |1 0  |4 0  |6 DOC_851_914000000000000_PAS  |7 0  |9 24436  |a BO  |b BO  |d 2026-01-15  |i 8129  |l 0  |o DOC 851.914 PAS  |p BO8129  |r 2026-01-15 23:23:34  |w 2026-01-15  |x [Sebina 5] [1 v.]  |y BK  |z 1 v. 
999 |c 20805  |d 20805